Příležitostné eventy generují public relations
Sezónne produkty na trhu a načasovanie marketingových akcií. Využívanie mimoriadnych udalostí a sviatkov pre eventy. Vzbudenie pozornosti médií a významné PR dopady. Dôraz na interaktivitu akcií a aktívne zapojenie účastníkov. Využitie netradičných technológií. Event ako súčasť marketingového mixu.
Salvato in:
| Autore principale: | |
|---|---|
| Natura: | Capitolo di libro |
| Lingua: | ceco |
| Soggetti: | |
| Tags: |
Nessun Tag, puoi essere il primo ad aggiungerne!!
|
MARC
| LEADER | 00000naa$a2200000$$$4500 | ||
|---|---|---|---|
| 001 | 0091825 | ||
| 005 | 20231019093654.3 | ||
| 041 | 0 | |a cze | |
| 044 | |a CZ | ||
| 245 | 1 | 0 | |a Příležitostné eventy generují public relations |c Patrik Jedlička |
| 520 | |a Sezónne produkty na trhu a načasovanie marketingových akcií. Využívanie mimoriadnych udalostí a sviatkov pre eventy. Vzbudenie pozornosti médií a významné PR dopady. Dôraz na interaktivitu akcií a aktívne zapojenie účastníkov. Využitie netradičných technológií. Event ako súčasť marketingového mixu. | ||
| 610 | 2 | 0 | |a marketing mix |
| 610 | 2 | 0 | |a produkty |
| 610 | 2 | 0 | |a značky výrobkov |
| 610 | 2 | 0 | |a komunikácia marketingová |
| 610 | 2 | 0 | |a práca s verejnosťou |
| 610 | 2 | 0 | |a firmy |
| 100 | 1 | |a Jedlička, Patrik | |